[Event "37. Copenhagen Open (Politiken Cup)"]
[Site "Elsinore"]
[Date "2015.07.30"]
[Round "7"]
[White "Haugli, Petter"]
[Black "Kistrup, Nicolai"]
[Result "1-0"]
[WhiteElo "2247"]
[BlackElo "1986"]
[PlyCount "113"]
[EventDate "2015.07.25"]
[EventType "swiss"]
[EventRounds "10"]
[EventCountry "DEN"]
[Source "ChessBase"]
[SourceDate "2015.09.14"]

1. d4 Nf6 2. c4 c5 3. d5 b5 4. cxb5 a6 5. b6 d6 6. Nc3 Nbd7 7. e4 g6 8. Nf3 Bg7
9. a4 a5 10. Bb5 O-O 11. O-O Bb7 12. Bg5 Nxb6 13. Qd2 Qc7 14. Rad1 Rad8 15. Qf4
Bc8 16. Qh4 Bd7 17. Rfe1 Bxb5 18. Nxb5 Qb7 19. b3 Qb8 20. h3 Nc8 21. Nd2 Nb6
22. Rb1 Rd7 23. Nc4 Nxc4 24. bxc4 Qa8 25. Rb3 Re8 26. Reb1 Qa6 27. Na3 Qa7 28.
Rb5 Ra8 29. Bd2 Qc7 30. Bc3 Ne8 31. Bxg7 Kxg7 32. Nc2 Qa7 33. Ne3 Rc8 34. Qg5
Kh8 35. Ng4 Kg7 36. Qd2 Ra8 37. e5 Rc7 38. Rb6 f6 39. Qh6+ Kg8 40. e6 Ng7 41.
Qd2 Nf5 42. Nh6+ Nxh6 43. Qxh6 Kh8 44. h4 Rg8 45. Qd2 Ra8 46. h5 Kg7 47. h6+
Kh8 48. f4 Kg8 49. g4 Rf8 50. R1b5 Ra8 51. Qb2 Re8 52. g5 Rf8 53. Rb8 Rcc8 54.
R8b7 Qa8 55. Rxe7 Rce8 56. Rg7+ Kh8 57. Rbb7 1-0

[Event "37. Copenhagen Open (Politiken Cup)"]
[Site "Elsinore"]
[Date "2015.07.30"]
[Round "7"]
[White "Hedin, Niclas"]
[Black "Brorsen, Jacob Abildlund"]
[Result "1-0"]
[WhiteElo "1922"]
[BlackElo "2110"]
[PlyCount "57"]
[EventDate "2015.07.25"]
[EventType "swiss"]
[EventRounds "10"]
[EventCountry "DEN"]
[Source "ChessBase"]
[SourceDate "2015.09.14"]

1. d4 g6 2. c4 Bg7 3. e4 d6 4. Nf3 e5 5. d5 f5 6. exf5 gxf5 7. Bg5 Nf6 8. c5
O-O 9. Bc4 e4 10. Nd4 dxc5 11. Nb5 Kh8 12. d6 Na6 13. dxc7 Qxd1+ 14. Kxd1 Ng4
15. N1c3 Ne5 16. Bd5 Nb4 17. Be7 Re8 18. Bxc5 Nxd5 19. Nxd5 Nd3 20. Be3 Be6 21.
Nf4 Nxb2+ 22. Kc2 Nc4 23. Rad1 a6 24. Nd6 Nxd6 25. Rxd6 Bg8 26. Rhd1 Re7 27.
Bb6 Be5 28. Rd8 Bxc7 29. Bd4+ 1-0

[Event "37. Copenhagen Open (Politiken Cup)"]
[Site "Elsinore"]
[Date "2015.07.30"]
[Round "7"]
[White "Hillarp Persson, Tiger"]
[Black "Haubro, Martin"]
[Result "1-0"]
[WhiteElo "2563"]
[BlackElo "2382"]
[PlyCount "73"]
[EventDate "2015.07.25"]
[EventType "swiss"]
[EventRounds "10"]
[EventCountry "DEN"]
[Source "ChessBase"]
[SourceDate "2015.09.14"]

1. c4 c5 2. Nf3 Nf6 3. g3 b6 4. d3 Bb7 5. e4 d6 6. Nc3 e6 7. Bg2 Be7 8. O-O O-O
9. Ng5 Ne8 10. h4 Nc7 11. d4 f6 12. Nf3 e5 13. d5 Ba6 14. Qe2 Qe8 15. Ne1 b5
16. b3 bxc4 17. bxc4 Nd7 18. Nc2 Nb6 19. Ne3 Na4 20. Bd2 Rb8 21. Rfb1 Nxc3 22.
Bxc3 Qd7 23. Kh2 g6 24. Bh3 Qa4 25. h5 Rfd8 26. Kg2 Bf8 27. Rxb8 Rxb8 28. Rh1
Bg7 29. Bg4 Kf7 30. f4 exf4 31. gxf4 Qa3 32. Qc2 f5 33. hxg6+ hxg6 34. Rh7 Ne8
35. exf5 Kg8 36. fxg6 Qxc3 37. Be6+ 1-0

[Event "37. Copenhagen Open (Politiken Cup)"]
[Site "Elsinore"]
[Date "2015.07.30"]
[Round "7"]
[White "Hinrichs, Lars"]
[Black "Bjerre, Tavs"]
[Result "1/2-1/2"]
[WhiteElo "2205"]
[BlackElo "2059"]
[PlyCount "134"]
[EventDate "2015.07.25"]
[EventType "swiss"]
[EventRounds "10"]
[EventCountry "DEN"]
[Source "ChessBase"]
[SourceDate "2015.09.14"]

1. e4 c5 2. Nf3 e6 3. d4 cxd4 4. Nxd4 Nc6 5. Nc3 Qc7 6. Be3 a6 7. Qd2 Nf6 8.
O-O-O Be7 9. f3 O-O 10. g4 b5 11. g5 Nh5 12. Nce2 Rd8 13. Ng3 Nxd4 14. Qxd4 Nf4
15. h4 Bb7 16. Qb6 Qb8 17. Kb1 d5 18. e5 Ng6 19. Bd4 Nxe5 20. Bxe5 Qxe5 21.
Qxb7 Bc5 22. f4 Qxf4 23. Bd3 Qxg3 24. Rhf1 Ra7 25. Qc6 Qc7 26. Qxc7 Rxc7 27. h5
g6 28. Rf3 Be7 29. Rg3 Rdc8 30. Rh1 Bd6 31. Rgh3 Be5 32. Re1 Bg7 33. Rh2 e5 34.
Rd2 e4 35. Bf1 Rc5 36. Bg2 d4 37. hxg6 hxg6 38. Rxe4 Rxg5 39. Re7 Rc6 40. a3
Rf6 41. Bb7 a5 42. Ka2 Rf1 43. Bc6 a4 44. Bg2 Rg1 45. Bf3 Rc1 46. Re8+ Kh7 47.
Rh2+ Bh6 48. Rh1 Rxh1 49. Bxh1 Rc5 50. Be4 f5 51. Bd3 Kg7 52. Rb8 Kf6 53. b4
axb3+ 54. Kxb3 Rc3+ 55. Kb2 Rc5 56. Bxb5 g5 57. a4 g4 58. Rb6+ Kg5 59. Be8 Bf8
60. Rg6+ Kh4 61. Bc6 f4 62. Bd7 Rg5 63. Rf6 Bg7 64. Rxf4 d3+ 65. Kc1 d2+ 66.
Kd1 Bh6 67. Rxg4+ Rxg4 1/2-1/2

[Event "37. Copenhagen Open (Politiken Cup)"]
[Site "Elsinore"]
[Date "2015.07.30"]
[Round "7"]
[White "Hoare, Amy B"]
[Black "Helin, Mikael"]
[Result "1-0"]
[WhiteElo "2069"]
[BlackElo "1896"]
[PlyCount "55"]
[EventDate "2015.07.25"]
[EventType "swiss"]
[EventRounds "10"]
[EventCountry "DEN"]
[Source "ChessBase"]
[SourceDate "2015.09.14"]

1. e4 c5 2. Nf3 a6 3. c3 d5 4. exd5 Nf6 5. d4 Qxd5 6. Be3 cxd4 7. cxd4 e6 8. a3
Nbd7 9. Bd3 Qd6 10. Nc3 b5 11. Rc1 Bb7 12. O-O Qb8 13. h3 Bd6 14. Ng5 h5 15.
Nce4 Bh2+ 16. Kh1 Ng4 17. Qf3 f5 18. Nxe6 g6 19. Ng7+ Kd8 20. Bg5+ Ndf6 21. g3
Bd5 22. Nxf5 gxf5 23. Qxf5 Qd6 24. hxg4 Ke7 25. Bxf6+ Ke8 26. Bxh8 h4 27. Kxh2
hxg3+ 28. fxg3 1-0

[Event "37. Copenhagen Open (Politiken Cup)"]
[Site "Elsinore"]
[Date "2015.07.30"]
[Round "7"]
[White "Hoi, Carsten"]
[Black "Thuesen, Mogens Henrik"]
[Result "1/2-1/2"]
[WhiteElo "2383"]
[BlackElo "2158"]
[PlyCount "132"]
[EventDate "2015.07.25"]
[EventType "swiss"]
[EventRounds "10"]
[EventCountry "DEN"]
[Source "ChessBase"]
[SourceDate "2015.09.14"]

1. c4 e5 2. e3 Nf6 3. Nc3 g6 4. d4 Nc6 5. Nf3 exd4 6. exd4 d6 7. Bd3 Bg7 8. O-O
O-O 9. h3 Ne7 10. Re1 Re8 11. Bg5 h6 12. Bf4 Bf5 13. Bxf5 Nxf5 14. Rxe8+ Qxe8
15. Qd2 Ne4 16. Nxe4 Qxe4 17. Re1 Qc6 18. b3 Re8 19. d5 Rxe1+ 20. Qxe1 Qd7 21.
g4 Ne7 22. Kg2 Kh7 23. Be3 a6 24. Qd2 Ng8 25. Bd4 Bxd4 26. Qxd4 a5 27. Nd2 Qe7
28. Ne4 b6 29. a3 Qe8 30. h4 f5 31. gxf5 gxf5 32. Ng3 Qf7 33. Kf3 Ne7 34. h5 b5
35. a4 bxa4 36. bxa4 f4 37. Qe4+ Kg8 38. Qxf4 Qxf4+ 39. Kxf4 Nc8 40. c5 dxc5
41. Ne4 c4 42. Ke5 Nb6 43. Nc3 Kf7 44. Kf5 Nd7 45. Ne4 Nb6 46. Nc3 Nd7 47. Nb5
Nb6 48. Ke4 Nxa4 49. d6 c6 50. Nd4 Nc5+ 51. Ke3 a4 52. Nxc6 a3 53. Nb4 Nd3 54.
Na2 Ke6 55. Kd4 Kxd6 56. Kxc4 Nxf2 57. Kb3 Ke5 58. Kxa3 Kf5 59. Kb3 Kg5 60. Kc2
Kxh5 61. Kd2 Kg4 62. Ke2 Kg3 63. Kf1 h5 64. Nc3 h4 65. Ne2+ Kf3 66. Nd4+ Kg3
1/2-1/2

[Event "37. Copenhagen Open (Politiken Cup)"]
[Site "Elsinore"]
[Date "2015.07.30"]
[Round "7"]
[White "Hojem, Roger"]
[Black "Kristensen, Thomas Overgaard"]
[Result "1/2-1/2"]
[WhiteElo "1738"]
[BlackElo "1545"]
[PlyCount "69"]
[EventDate "2015.07.25"]
[EventType "swiss"]
[EventRounds "10"]
[EventCountry "DEN"]
[Source "ChessBase"]
[SourceDate "2015.09.14"]

1. e4 c6 2. d4 d5 3. e5 c5 4. c3 cxd4 5. cxd4 Nc6 6. Nf3 Bg4 7. Be2 e6 8. Be3
Nge7 9. Nbd2 Nf5 10. O-O g6 11. h3 Bxf3 12. Nxf3 Qb6 13. Qd2 Bb4 14. Qd3 O-O
15. g4 Ng7 16. Bh6 Be7 17. a3 Rfd8 18. Qe3 Rf8 19. h4 f5 20. exf6 Bxf6 21. Rfd1
Rae8 22. b4 Rf7 23. b5 Na5 24. Rac1 Rc7 25. Rc3 Rec8 26. Rdc1 Nc4 27. Bxc4 Rxc4
28. Rxc4 Rxc4 29. Rxc4 dxc4 30. Ne5 Bxh4 31. Nxc4 Qxb5 32. Bxg7 Kxg7 33. Qxe6
Qb1+ 34. Kg2 Qc2 35. Qe5+ 1/2-1/2

[Event "37. Copenhagen Open (Politiken Cup)"]
[Site "Elsinore"]
[Date "2015.07.30"]
[Round "7"]
[White "Hojgaard, Brandur"]
[Black "Skjoldager, Flemming"]
[Result "0-1"]
[WhiteElo "1787"]
[BlackElo "1944"]
[PlyCount "94"]
[EventDate "2015.07.25"]
[EventType "swiss"]
[EventRounds "10"]
[EventCountry "DEN"]
[Source "ChessBase"]
[SourceDate "2015.09.14"]

1. d4 Nf6 2. c4 e6 3. Nc3 d5 4. Bg5 Nbd7 5. e3 c6 6. Nf3 Qa5 7. Nd2 Bb4 8. Qc2
O-O 9. Be2 e5 10. Bxf6 Nxf6 11. dxe5 Ne4 12. Ndxe4 dxe4 13. O-O Bxc3 14. bxc3
Qxe5 15. Rad1 f5 16. Rd4 c5 17. Rd5 Qe7 18. Rfd1 Be6 19. Rd6 Rad8 20. R6d2 b6
21. g3 Rxd2 22. Rxd2 Qf7 23. Qa4 f4 24. f3 fxe3 25. Rb2 Rd8 26. Qc2 Rd2 27. Qc1
Rxb2 28. Qxb2 Bxc4 29. Bxc4 Qxc4 30. fxe4 Qxe4 31. Kf1 c4 32. Ke1 Qd3 33. a4 h6
34. g4 Qe4 35. Qb5 Qh1+ 36. Ke2 Qxh2+ 37. Kxe3 Qg3+ 38. Kd2 Qf4+ 39. Ke1 Qxg4
40. Qe5 Kh7 41. Kf1 Qd1+ 42. Kg2 Qd2+ 43. Kf1 Qd3+ 44. Kf2 a6 45. Kg2 Qg6+ 46.
Kh1 Qg4 47. Kh2 Qh4+ 0-1

[Event "37. Copenhagen Open (Politiken Cup)"]
[Site "Elsinore"]
[Date "2015.07.30"]
[Round "7"]
[White "Holm, Kristian Stuvik"]
[Black "Hansen, Sune Berg"]
[Result "1/2-1/2"]
[WhiteElo "2398"]
[BlackElo "2566"]
[PlyCount "102"]
[EventDate "2015.07.25"]
[EventType "swiss"]
[EventRounds "10"]
[EventCountry "DEN"]
[Source "ChessBase"]
[SourceDate "2015.09.14"]

1. d4 Nf6 2. c4 e6 3. Nc3 Bb4 4. Qc2 Nc6 5. Nf3 d6 6. Bd2 O-O 7. a3 Bxc3 8.
Bxc3 Qe7 9. e3 e5 10. dxe5 dxe5 11. Be2 a5 12. O-O Re8 13. h3 a4 14. Rad1 Nd7
15. Rd5 f6 16. Nd2 Nc5 17. Bb4 Nxb4 18. axb4 Na6 19. Qxa4 c6 20. Ra5 Rd8 21.
Nb1 b6 22. Qxc6 bxa5 23. Qxa8 Bb7 24. Qa7 Qxb4 25. c5 Ra8 26. Qb6 Nxc5 27. Qxb4
axb4 28. Nd2 Kf8 29. Rc1 Rd8 30. Nf1 Na4 31. Bb5 Nb6 32. Rc7 Bd5 33. Ng3 Rc8
34. Rxc8+ Nxc8 35. Bd3 Nd6 36. Kf1 g6 37. e4 Be6 38. Ke2 Ke7 39. Ke3 Nb7 40.
Bb5 Kd6 41. Nf1 Kc5 42. Ba6 Nd6 43. Nd2 b3 44. f4 Kb4 45. fxe5 fxe5 46. Be2 Bd7
47. Nf3 Nf7 48. Ba6 Be6 49. Kd3 g5 50. Ke3 h5 51. Ne1 Bc4 1/2-1/2

[Event "37. Copenhagen Open (Politiken Cup)"]
[Site "Elsinore"]
[Date "2015.07.30"]
[Round "7"]
[White "Holm, Ragnar"]
[Black "Verstraeten, Reinaert"]
[Result "1/2-1/2"]
[WhiteElo "2124"]
[BlackElo "2312"]
[PlyCount "50"]
[EventDate "2015.07.25"]
[EventType "swiss"]
[EventRounds "10"]
[EventCountry "DEN"]
[Source "ChessBase"]
[SourceDate "2015.09.14"]

1. d4 Nf6 2. c4 g6 3. Nc3 Bg7 4. e4 O-O 5. Nf3 d6 6. Be2 e5 7. dxe5 dxe5 8.
Qxd8 Rxd8 9. Bg5 Re8 10. Nd5 Nxd5 11. cxd5 c6 12. Bc4 cxd5 13. Bxd5 Nc6 14. O-O
Be6 15. Rfd1 Nd4 16. Nxd4 exd4 17. Bxe6 Rxe6 18. f3 Rae8 19. Rac1 f5 20. exf5
gxf5 21. Kf1 Re2 22. Rd2 Rxd2 23. Bxd2 d3 24. b3 Re2 25. Rd1 Kf7 1/2-1/2

[Event "37. Copenhagen Open (Politiken Cup)"]
[Site "Elsinore"]
[Date "2015.07.30"]
[Round "7"]
[White "Hoyer, Jacob K"]
[Black "Philipsen, William Horup"]
[Result "1-0"]
[WhiteElo "2202"]
[BlackElo "1943"]
[PlyCount "57"]
[EventDate "2015.07.25"]
[EventType "swiss"]
[EventRounds "10"]
[EventCountry "DEN"]
[Source "ChessBase"]
[SourceDate "2015.09.14"]

1. d4 d5 2. c4 e5 3. dxe5 d4 4. Nf3 Nc6 5. a3 Bg4 6. Nbd2 Qe7 7. b4 O-O-O 8.
Bb2 g5 9. h3 Bh5 10. g4 Bg6 11. Bg2 d3 12. O-O dxe2 13. Qxe2 Bd3 14. Qe3 Bxf1
15. Rxf1 Bg7 16. b5 Nxe5 17. Bxe5 Bxe5 18. Nxe5 Rxd2 19. Qxd2 Qxe5 20. Re1 Qd6
21. Re8+ Kd7 22. Qe2 Qf6 23. Rb8 Nh6 24. Qd3+ Ke7 25. Qe4+ Kd7 26. Qd5+ Ke7 27.
Qc5+ Kd7 28. Bc6+ bxc6 29. bxc6+ 1-0

[Event "37. Copenhagen Open (Politiken Cup)"]
[Site "Elsinore"]
[Date "2015.07.30"]
[Round "7"]
[White "Huse, Arne Kjelsbol"]
[Black "Biasi, Grace"]
[Result "0-1"]
[WhiteElo "1222"]
[BlackElo "1649"]
[PlyCount "70"]
[EventDate "2015.07.25"]
[EventType "swiss"]
[EventRounds "10"]
[EventCountry "DEN"]
[Source "ChessBase"]
[SourceDate "2015.09.14"]

1. e4 c5 2. Nf3 d6 3. Bb5+ Nd7 4. O-O g6 5. d3 Bg7 6. c3 e6 7. d4 a6 8. Bd3
Ngf6 9. Bg5 h6 10. Be3 b6 11. Bc2 Bb7 12. Nbd2 Rc8 13. Re1 Ng4 14. Bf4 e5 15.
dxe5 dxe5 16. Bg3 Qe7 17. h3 Ngf6 18. Nb3 Nh5 19. Bh2 Rd8 20. g4 Nf4 21. Bxf4
exf4 22. Qd2 g5 23. Rad1 O-O 24. Qe2 Ne5 25. Nxe5 Bxe5 26. f3 Qc7 27. a3 Bc8
28. Qf2 Bd6 29. Rd2 Be6 30. Nc1 a5 31. b4 cxb4 32. cxb4 axb4 33. axb4 Bxb4 34.
Rxd8 Rxd8 35. Re2 Bc5 0-1

[Event "37. Copenhagen Open (Politiken Cup)"]
[Site "Elsinore"]
[Date "2015.07.30"]
[Round "7"]
[White "Huse, Lars Paul"]
[Black "Brobakken, Jorgen"]
[Result "1-0"]
[WhiteElo "1170"]
[BlackElo "1521"]
[PlyCount "79"]
[EventDate "2015.07.25"]
[EventType "swiss"]
[EventRounds "10"]
[EventCountry "DEN"]
[Source "ChessBase"]
[SourceDate "2015.09.14"]

1. e4 d5 2. exd5 Qxd5 3. d4 Nf6 4. Be3 Bf5 5. Nc3 Qd8 6. Bd3 Bg4 7. f3 Bh5 8.
Qd2 Nc6 9. Nge2 e6 10. a3 Bd6 11. Nb5 a6 12. Nxd6+ Qxd6 13. c3 Nd5 14. Bf2 Bg6
15. O-O Nce7 16. Bg3 Qd7 17. Nf4 Bxd3 18. Nxd3 Nf5 19. Bf2 c6 20. Ne5 Qc7 21.
Ng4 h5 22. Ne5 f6 23. Nd3 O-O-O 24. Rfe1 Rde8 25. c4 Nb6 26. b3 g5 27. a4 g4
28. Nc5 e5 29. Ne4 gxf3 30. gxf3 Qd8 31. dxe5 Qxd2 32. Nxd2 fxe5 33. Bxb6 Nh4
34. Rf1 Rhg8+ 35. Kf2 Rg2+ 36. Ke3 Rxh2 37. Kd3 Re7 38. Rh1 Rd7+ 39. Kc3 Rdxd2
40. Rxh2 1-0

[Event "37. Copenhagen Open (Politiken Cup)"]
[Site "Elsinore"]
[Date "2015.07.30"]
[Round "7"]
[White "Hvenekilde, Jorgen"]
[Black "Molvig, Julius"]
[Result "1-0"]
[WhiteElo "2114"]
[BlackElo "1926"]
[PlyCount "71"]
[EventDate "2015.07.25"]
[EventType "swiss"]
[EventRounds "10"]
[EventCountry "DEN"]
[Source "ChessBase"]
[SourceDate "2015.09.14"]

1. e4 c5 2. Nf3 e6 3. Be2 Qc7 4. O-O Nc6 5. Re1 Nf6 6. Bf1 d6 7. c3 Be7 8. d4
cxd4 9. cxd4 O-O 10. Nc3 a6 11. h3 b5 12. Bf4 Bb7 13. Rc1 Qd7 14. e5 Nd5 15.
Nxd5 exd5 16. Bd3 Nd8 17. Qc2 h6 18. Qd2 h5 19. exd6 Bxd6 20. Ne5 Bxe5 21. Bxe5
Ne6 22. Bf5 Rac8 23. Rxc8 Rxc8 24. Re3 h4 25. Qd1 Qd8 26. Qg4 Rc1+ 27. Kh2 Ng5
28. f4 f6 29. fxg5 fxe5 30. Be6+ Kf8 31. Rxe5 Rf1 32. Qxh4 Qc7 33. Qh8+ Ke7 34.
Bf5+ Kd6 35. Qf8+ Kc6 36. Qc5# 1-0

[Event "37. Copenhagen Open (Politiken Cup)"]
[Site "Elsinore"]
[Date "2015.07.30"]
[Round "7"]
[White "Jacobsen, Heidrikur Tindskar"]
[Black "Jacobsen, Fredrik Beer"]
[Result "1/2-1/2"]
[WhiteElo "1902"]
[BlackElo "2071"]
[PlyCount "83"]
[EventDate "2015.07.25"]
[EventType "swiss"]
[EventRounds "10"]
[EventCountry "DEN"]
[Source "ChessBase"]
[SourceDate "2015.09.14"]

1. Nc3 c5 2. Nf3 Nc6 3. d4 cxd4 4. Nxd4 d6 5. g3 Nf6 6. Bg2 Bd7 7. O-O g6 8.
Nb3 Bg7 9. e4 O-O 10. h3 Ne8 11. Be3 Ne5 12. Qe2 Qc8 13. Kh2 Kh8 14. Nd5 e6 15.
Nb4 Nc4 16. c3 Bb5 17. Rfd1 a5 18. Nd3 a4 19. Nd4 Ba6 20. Qe1 a3 21. b3 Nxe3
22. fxe3 b6 23. Rac1 Bb7 24. c4 Nf6 25. Nf2 Nh5 26. Nf3 Bb2 27. Rc2 Qc7 28. Nd4
d5 29. e5 Qxe5 30. Nd3 Qc7 31. cxd5 Qd7 32. Nxb2 axb2 33. dxe6 fxe6 34. Bxb7
Qxb7 35. Nxe6 Qe4 36. Qc3+ Rf6 37. Qc8+ Rf8 38. Qc3+ Rf6 39. Qc8+ Rf8 40. Qc3+
Rf6 41. Qc8+ Rf8 42. Qc3+ 1/2-1/2

[Event "37. Copenhagen Open (Politiken Cup)"]
[Site "Elsinore"]
[Date "2015.07.30"]
[Round "7"]
[White "Jacobsen, Per"]
[Black "Naesborg, Jens Ole"]
[Result "0-1"]
[WhiteElo "1680"]
[BlackElo "1900"]
[PlyCount "90"]
[EventDate "2015.07.25"]
[EventType "swiss"]
[EventRounds "10"]
[EventCountry "DEN"]
[Source "ChessBase"]
[SourceDate "2015.09.14"]

1. b3 e5 2. Bb2 Nc6 3. e3 d5 4. Nf3 Bg4 5. Be2 Bd6 6. d4 e4 7. Nfd2 Be6 8. a3
f5 9. c4 Nf6 10. Nc3 O-O 11. O-O b6 12. Rc1 Ne7 13. cxd5 Nexd5 14. Nb5 Qe7 15.
Nc4 a6 16. Nbxd6 cxd6 17. Nd2 b5 18. a4 Bd7 19. axb5 axb5 20. Ra1 f4 21. exf4
Nxf4 22. Re1 N6d5 23. Bf1 Nf6 24. d5 Bf5 25. Rxa8 Rxa8 26. Bxf6 gxf6 27. Bxb5
Qg7 28. g3 Bg4 29. Qb1 f5 30. Qc1 Nh3+ 31. Kg2 Ng5 32. Ba4 Qh6 33. h4 Nf7 34.
Nc4 Qh5 35. Ne3 Bf3+ 36. Kg1 f4 37. Ng2 Bxg2 38. Kxg2 Qf3+ 39. Kh3 e3 40. Qd1
Qxd1 41. Rxd1 e2 42. Re1 f3 43. Bd7 Ne5 44. Bb5 Ra2 45. Bc4 Rd2 0-1

[Event "37. Copenhagen Open (Politiken Cup)"]
[Site "Elsinore"]
[Date "2015.07.30"]
[Round "7"]
[White "Jarve, Edvin"]
[Black "Borg, Flemming"]
[Result "1-0"]
[WhiteElo "1637"]
[BlackElo "1800"]
[PlyCount "95"]
[EventDate "2015.07.25"]
[EventType "swiss"]
[EventRounds "10"]
[EventCountry "DEN"]
[Source "ChessBase"]
[SourceDate "2015.09.14"]

1. d4 d6 2. e4 Nf6 3. f3 Nbd7 4. c4 e5 5. d5 Nxe4 6. fxe4 Qh4+ 7. Kd2 Qxe4 8.
Qf3 Nc5 9. Nc3 Qg6 10. Qg3 Qf6 11. Ke1 a5 12. Be3 b6 13. Bxc5 bxc5 14. Nb5 Qe7
15. Be2 g6 16. h4 Bg7 17. Nh3 O-O 18. h5 e4 19. Rb1 Be5 20. Qe3 Bb7 21. hxg6
hxg6 22. Nf2 c6 23. Qh6 Rfd8 24. dxc6 Bxc6 25. Nc3 Bg7 26. Qe3 Re8 27. Rd1 Rab8
28. b3 Bd4 29. Rxd4 cxd4 30. Qxd4 Qe5 31. Qxe5 Rxe5 32. Ng4 Re7 33. Nf6+ Kg7
34. Ncd5 Bxd5 35. Nxd5 Reb7 36. g4 f5 37. Kd2 Rh8 38. Rf1 Rf7 39. Ke3 Rh3+ 40.
Kd4 Rh2 41. Ke3 Kh6 42. Nc3 Kg5 43. Nxe4+ Kh4 44. Rf4 g5 45. Rxf5 Re7 46. Rf6
Rxe2+ 47. Kxe2 Rxe4+ 48. Kf3 1-0

[Event "37. Copenhagen Open (Politiken Cup)"]
[Site "Elsinore"]
[Date "2015.07.30"]
[Round "7"]
[White "Jensen, Jonbert"]
[Black "Mouritsen, Jan"]
[Result "0-1"]
[WhiteElo "1569"]
[BlackElo "1799"]
[PlyCount "116"]
[EventDate "2015.07.25"]
[EventType "swiss"]
[EventRounds "10"]
[EventCountry "DEN"]
[Source "ChessBase"]
[SourceDate "2015.09.14"]

1. e4 c5 2. Nf3 Nc6 3. Nc3 g6 4. d4 cxd4 5. Nxd4 Bg7 6. Be3 d6 7. Bb5 Bd7 8.
O-O Nf6 9. Qd2 O-O 10. Nxc6 Bxc6 11. Bxc6 bxc6 12. Rab1 Qc7 13. Bh6 Bxh6 14.
Qxh6 Rab8 15. Qh4 Rb5 16. Nxb5 cxb5 17. c3 Qc4 18. f3 Qxa2 19. Qf2 Qc4 20. Kh1
a6 21. Qa7 Re8 22. Qxa6 Nd7 23. Qb7 Ne5 24. Qd5 Qa4 25. Qd1 Qa6 26. f4 Nc4 27.
Qe2 Rc8 28. e5 dxe5 29. fxe5 Qe6 30. Rbe1 Rd8 31. Rd1 Rc8 32. Rfe1 Rc5 33. Qe4
Rxe5 34. Rd8+ Kg7 35. Qd4 Kh6 36. Rxe5 Nxe5 37. Rd5 Ng4 38. Qd2+ Kg7 39. Rxb5
f6 40. Rb4 Qf5 41. Qe1 Ne3 42. Ra4 Qc2 43. Qg1 Qxa4 44. Qxe3 Qa1+ 45. Qg1 Qxb2
46. Qe1 e5 47. h3 Qc2 48. Qa1 Qb3 49. Qa7+ Qf7 50. Qe3 Qe7 51. c4 f5 52. c5 Kf6
53. c6 Qc7 54. Qc5 Ke6 55. Kg1 e4 56. Kf2 h6 57. Ke3 Qg3+ 58. Kd4 Qd3# 0-1

[Event "37. Copenhagen Open (Politiken Cup)"]
[Site "Elsinore"]
[Date "2015.07.30"]
[Round "7"]
[White "Jensen, Michael Agermose"]
[Black "Rasdal, Yngve"]
[Result "1-0"]
[WhiteElo "1984"]
[BlackElo "1790"]
[PlyCount "57"]
[EventDate "2015.07.25"]
[EventType "swiss"]
[EventRounds "10"]
[EventCountry "DEN"]
[Source "ChessBase"]
[SourceDate "2015.09.14"]

1. e4 c6 2. d4 d5 3. e5 Bf5 4. Nc3 e6 5. g4 Bg6 6. Nge2 Nd7 7. h4 h6 8. Nf4 Bh7
9. Bg2 Ne7 10. Be3 Qb6 11. Rb1 O-O-O 12. b4 Qc7 13. b5 Nb6 14. Bf1 Kb8 15. Nd3
Rc8 16. Nc5 Nc4 17. Bxc4 dxc4 18. b6 axb6 19. Rxb6 Ka8 20. Rxb7 Qd8 21. Qc1 Qa5
22. Bd2 Qxc5 23. dxc5 Kxb7 24. Ke2 Ng6 25. Qa3 Nxe5 26. Rb1+ Kc7 27. Bf4 f6 28.
Bxe5+ fxe5 29. Qa7+ 1-0

[Event "37. Copenhagen Open (Politiken Cup)"]
[Site "Elsinore"]
[Date "2015.07.30"]
[Round "7"]
[White "Jensen, Tommy"]
[Black "Sorensen, Per Settergren"]
[Result "1/2-1/2"]
[WhiteElo "1821"]
[BlackElo "2087"]
[PlyCount "68"]
[EventDate "2015.07.25"]
[EventType "swiss"]
[EventRounds "10"]
[EventCountry "DEN"]
[Source "ChessBase"]
[SourceDate "2015.09.14"]

1. Nf3 Nf6 2. d4 e6 3. Bg5 h6 4. Bxf6 Qxf6 5. e3 d5 6. c4 c6 7. cxd5 exd5 8.
Qb3 Bd6 9. Nbd2 O-O 10. Bd3 Qe7 11. O-O Nd7 12. e4 dxe4 13. Nxe4 Nb6 14. Rfe1
Be6 15. Qc2 Rad8 16. Nc5 Bxc5 17. dxc5 Nd7 18. b4 Qf6 19. Rad1 Bg4 20. Be2 Bxf3
21. Bxf3 Ne5 22. Be2 Rxd1 23. Rxd1 Ng6 24. g3 Re8 25. Bc4 Ne5 26. Be2 Nf3+ 27.
Bxf3 Qxf3 28. Qd2 g6 29. Re1 Rxe1+ 30. Qxe1 Qd5 31. Qe8+ Kg7 32. Qe7 Qd1+ 33.
Kg2 Qd5+ 34. Kg1 Qd1+ 1/2-1/2

[Event "37. Copenhagen Open (Politiken Cup)"]
[Site "Elsinore"]
[Date "2015.07.30"]
[Round "7"]
[White "Jorgensen, Alexander Torp"]
[Black "Hein, Jacob"]
[Result "1-0"]
[WhiteElo "1842"]
[BlackElo "1441"]
[PlyCount "101"]
[EventDate "2015.07.25"]
[EventType "swiss"]
[EventRounds "10"]
[EventCountry "DEN"]
[Source "ChessBase"]
[SourceDate "2015.09.14"]

1. e4 a6 2. d4 d5 3. e5 Nc6 4. Be3 Be6 5. f4 Qd7 6. h3 h5 7. Be2 g6 8. Nd2 Nh6
9. g4 Bg7 10. f5 gxf5 11. g5 f4 12. Bxf4 Nf5 13. c3 h4 14. Bg4 O-O-O 15. b4 Ng3
16. Bxg3 hxg3 17. Bxe6 Qxe6 18. Qf3 Bxe5 19. dxe5 Qxe5+ 20. Ne2 Nxb4 21. O-O-O
Nxa2+ 22. Kb2 Nb4 23. Nxg3 Nc6 24. h4 d4 25. Qf5+ Kb8 26. Qxe5 Nxe5 27. c4 Nd3+
28. Kc2 Nf2 29. Rdf1 d3+ 30. Kc3 Nxh1 31. Rxh1 e6 32. Nge4 a5 33. Nf6 a4 34.
Kb4 Rd4 35. h5 Rf4 36. Rh2 c6 37. Kxa4 Kc7 38. Rg2 Ra8+ 39. Kb3 b5 40. c5 b4
41. h6 Rh8 42. Nde4 Kd8 43. Kxb4 Ke7 44. Kc3 Rf3 45. Ra2 e5 46. Ra6 Rd8 47. Nd2
Rf5 48. Nfe4 Rxg5 49. Nxg5 f5 50. Rxc6 e4 51. Rg6 1-0

[Event "37. Copenhagen Open (Politiken Cup)"]
[Site "Elsinore"]
[Date "2015.07.30"]
[Round "7"]
[White "Jorgensen, Dennis"]
[Black "Semcesen, Daniel"]
[Result "1/2-1/2"]
[WhiteElo "2253"]
[BlackElo "2437"]
[PlyCount "127"]
[EventDate "2015.07.25"]
[EventType "swiss"]
[EventRounds "10"]
[EventCountry "DEN"]
[Source "ChessBase"]
[SourceDate "2015.09.14"]

1. Nf3 d6 2. d3 e5 3. e4 Nc6 4. Nc3 g6 5. Be2 Bg7 6. Be3 Nd4 7. O-O Ne7 8. Nb1
Nxe2+ 9. Qxe2 O-O 10. Nbd2 f5 11. exf5 gxf5 12. Bg5 h6 13. Bxe7 Qxe7 14. Rfe1
Bd7 15. c3 Rae8 16. Qd1 Kh8 17. Qb3 Bc8 18. Qc4 Bf6 19. Nd4 Qd8 20. Ne2 Re7 21.
Ng3 Qe8 22. Re2 Rg8 23. Rae1 Be6 24. Qb4 Bd5 25. d4 Qg6 26. dxe5 dxe5 27. f4 e4
28. Qc5 c6 29. Kh1 h5 30. c4 Be6 31. Ndxe4 b6 32. Qf2 fxe4 33. f5 Bxf5 34. Qxf5
Qxf5 35. Nxf5 Re5 36. Nd6 Re6 37. Nxe4 Rge8 38. b3 h4 39. h3 Bg7 40. g3 hxg3
41. Nxg3 Rxe2 42. Rxe2 Rd8 43. Re7 Rd1+ 44. Kg2 Rd2+ 45. Re2 Rd3 46. Re8+ Kh7
47. Re7 Kg6 48. h4 Rd2+ 49. Kf3 Rxa2 50. Re6+ Kf7 51. Rxc6 Ra3 52. Rc7+ Kg8 53.
Ke4 a5 54. Nf5 Bb2 55. Nh6+ Kf8 56. Rf7+ Ke8 57. Rf3 a4 58. bxa4 Rxa4 59. Kd5
Ra5+ 60. Ke6 Re5+ 61. Kd6 Re4 62. Kd5 Rd4+ 63. Kc6 Rxc4+ 64. Kxb6 1/2-1/2